LDR 01006nam a2200253 i 4500 001 000000160299 003 CaOOAMICUS 005 20260415145655.0 008 080401s1975 it u000 u ita u 013 $a137662 040 $aSeMil$bita 100 1 $aRaimondi, Aldo.$0(OLS)http://semarc/name/42195 245 10$aAldo Raimondi /$cPresentazione di Francesco Pestellini. 300 $a1 raccoglitore (1 fasc., 12 tavole a colori) :$bill. 490 0 $aPittori Italiani Contemporanei 700 1 $aPestellini, Francesco.$0(OLS)http://semarc/name/42196 773 0 $tCartelle del Ponte Rosso.$dMilano : Ponte Rosso, [197?]$kPittori italiani contemporanei$g39$w()19366 830 0$aPittori italiani contemporanei.$0(OLS)http://semarc/title/22885 850 $aSeMil 852 $aSeMil$W1$xVenegono$y1$m5R XI 62$j111774$B111774$CSeMilBibl$Z2$F132847 $81 941 1 $a3 961 $aLascito: Colombo Card. Giovanni 996 $6245$aAldo Raimondi$9(OLS)http://semarc/title/142841